00369nam a2200097Ia 4500008004100000100001800041245007900059245006300138650001300201856005700214170221s9999 xx 000 0 und d aE. G. Popkova 4aThe Integration of Economic Monetary Policy Systems of West African States cE. G. Popkova, J. O. Egbe, S. E. Akopov and S. N. Popovsky xBusiness uhttp://www.scienpress.com/Upload/BEJ/Vol%201_1_1.pdf